Statistics for Pokemon #14

Click here to take the quiz!

General Stats

  • This quiz has been taken 4 times
  • The average score is 21 of 31

Answer Stats

Answer% Correct
Gabite
100%
Garchomp
100%
Lopunny
100%
Munchlax
100%
Bronzong
75%
Buneary
75%
Drifblim
75%
Drifloon
75%
Floatzel
75%
Gastrodon
75%
Gible
75%
Honchkrow
75%
Lucario
75%
Mime Jr.
75%
Mismagius
75%
Riolu
75%
Spiritomb
75%
Ambipom
50%
Bonsly
50%
Bronzor
50%
Buizel
50%
Chatot
50%
Cherrim
50%
Cherubi
50%
Chingling
50%
Glameow
50%
Happiny
50%
Shellos
50%
Skuntank
50%
Stunky
50%
Purugly
25%

Score Distribution

Percentile by Number Answered

Percent of People with Each Score

Your Score History

You have not taken this quiz